गृह विज्ञान शिक्षण (Record no. 1407)

MARC details
000 -LEADER
fixed length control field 01374 a2200241 4500
005 - DATE AND TIME OF LATEST TRANSACTION
control field 20080909103049.0
008 - FIXED-LENGTH DATA ELEMENTS--GENERAL INFORMATION
fixed length control field 080909t xxu||||| |||| 00| 0 hin d
010 ## - LCCN (DPL NO)
LC control number HIN-79229
020 ## - INTERNATIONAL STANDARD BOOK NUMBER
International Standard Book Number 818809370x
Terms of availability 350.00
035 ## - SYSTEM CONTROL NUMBER
System control number HN-51575
037 ## - SOURCE OF ACQUISITION
Source of stock number/acquisition D. B. Act. / ven
082 ## - DEWEY DECIMAL CLASSIFICATION NUMBER
Classification number 640.711
100 ## - MAIN ENTRY--PERSONAL NAME
Personal name शर्मा, रमा
245 ## - TITLE STATEMENT
Title गृह विज्ञान शिक्षण
Statement of responsibility, etc रमा शर्मा
260 ## - PUBLICATION, DISTRIBUTION, ETC. (IMPRINT)
Place of publication, distribution, etc जयपुर
Name of publisher, distributor, etc गोयल पब्लिकेशन्स
Date of publication, distribution, etc 2006
260 ## - PUBLICATION, DISTRIBUTION, ETC. (IMPRINT)
Place of publication, distribution, etc जयपुर (वितरक) ग्रन्थ विकास
270 ## - ADDRESS
City जयपुर
Address 213,राधा दामोदरजी की गली, चौड़ा रास्ता
270 ## - ADDRESS
Address सी-37,राजापार्क
City जयपुर
Telephone number 2310785
300 ## - PHYSICAL DESCRIPTION
Extent 288पृ
Dimensions 22 सेमी (सजिल्द)
942 ## - ADDED ENTRY ELEMENTS (KOHA)
Institution code [OBSOLETE] dpl
Item type Hindi Books
Call number prefix 640.711 / शर्मार
Source of classification or shelving scheme Dewey Decimal Classification
Classification part 640.711
Call number suffix शर्मार
Holdings
Withdrawn status Lost status Damaged status Not for loan Collection code Home library Current library Date acquired Cost, normal purchase price Total Checkouts Full call number Barcode Date last seen Copy number Cost, replacement price Koha item type Source of classification or shelving scheme Source of acquisition
      Not For Loan Non-fiction D.B.Act.Division D.B.Act.Division 09/09/2008 350.00   640.711 शर्मार HN-51575 15/09/2008 1 350.00 Hindi Books    
        Non-fiction Vinoba Puri Vinoba Puri 06/10/2008 350.00 8 640.711 शर्मार B-284103 20/10/2018 1 350.00 Hindi Books Dewey Decimal Classification BPPD /

© Delhi Public Library
Hit Counter
free hit counter